000 01222pam a2200325 a 4500
999 _c7006
_d7006
001 3854952
003 GBCCL
005 20241126110617.0
008 880914s1988 ilu b 001 0 eng
010 _a 88008440
020 _a0802407641
040 _aDLC
_cDLC
_dDLC
050 0 0 _aBS2575.3
_b.M244 1988
082 0 0 _a225.77
_219
_bMAC
100 1 _aMacArthur, John,
_d1939-
_91165
245 1 0 _aMatthew 16-23 /
_cJohn MacArthur, Jr.
250 _aIndian edition
260 _aChicago :
_bMoody Press,
_cc1988.
300 _aviii, 420 p. ;
_c24 cm.
490 1 _aThe MacArthur New Testament commentary
500 _aIncludes indexes.
504 _aBibliography: p. 405.
630 0 0 _aBible.
_pMatthew, XVI-XXIII
_xCommentaries.
_912409
800 1 _aMacArthur, John,
_d1939-
_tMacArthur New Testament commentary.
_912401
856 4 2 _3Publisher description
_uhttp://www.loc.gov/catdir/enhancements/fy0609/88008440-d.html
856 4 1 _3Table of contents only
_uhttp://www.loc.gov/catdir/enhancements/fy1202/88008440-t.html
856 4 2 _3Contributor biographical information
_uhttp://www.loc.gov/catdir/enhancements/fy1202/88008440-b.html
906 _a7
_bcbc
_corignew
_d1
_eocip
_f19
_gy-gencatlg
942 _2ddc
_cREF